000 00860nam a2200253Ia 4500
003 OSt
005 20220916110909.0
006 a|||||r|||| 00| 0
007 ta
008 220915b |||||||| |||| 00| 0 hin d
024 _a221278
037 _cTextbook
040 _bhin
_aARTS
_cARTS
041 _ahin
082 _aO152,3N32:g, L9
100 _aशर्मा, देवदत्त
245 0 _aहिन्दी के सामंती चेतना परक उपन्यास
246 _aHindī ke sāmantī chetanā parak upanyāsa
260 _aजयपुर
_bविवेक पब्लि हा0
_c1979
300 _a164पृ0
_ccm.
650 _aहिन्दी साहित्य
942 _hO152,3N32:g, L9
_cTB
_2CC
999 _c100706
_d100706